Deutsche Bundesländer - Statistiken

Allgemein
  • Dieses Quiz wurde 96 mal gespielt
  • Das Durchschnittsergebnis liegt bei 14 aus 16
Antwortstatistiken
Antwort % Korrekt
Bayern
95%
Berlin
95%
Nordrhein-Westfalen
95%
Sachsen
95%
Baden-Württemberg
94%
Hamburg
94%
Bremen
92%
Niedersachsen
91%
Brandenburg
90%
Hessen
88%
Saarland
88%
Sachsen-Anhalt
87%
Schleswig-Holstein
86%
Thüringen
86%
Rheinland-Pfalz
83%
Mecklenburg-Vorpommern
60%
Keine übereinstimmenden Quizze gefunden
Verteilung der Resultate
Anzahl Personen mit jedem Resultat
Perzentil nach korrekt beantworteten Fragen
Ihre Resultats-Entwicklung
Sie haben dieses Quiz noch nicht gespielt